000 00812nam a2200265Ia 4500
003 OSt
005 20220927105743.0
006 a|||||r|||| 00| 0
007 ta
008 220926b |||||||| |||| 00| 0 eng d
020 _a9789211542066
024 _a203207
037 _cReference Collections
040 _aRTL
_cRTL
_beng
041 _2eng
_aeng
082 _a"Y15:3(W:5), Q4/UN"
100 _aUNITED NATIONS HUMAN RIGHTS
_9374754
245 0 _aWomen's rights are human rights
260 _a"Geneva,"
_b"United Nations Publication, "
_c2014
300 _a117p.
_ccm.
490 _aCambridge Studies in the Theory of Democracy
500 _aBibliography chapterwise
942 _h"Y15:3(W:5), Q4/UN"
_cCC
999 _c694410
_d694410